IV Premio Sitges de Teatro
Publicado:
San Jorge, núm. 79 - 80 (3r i 4rt trimestre 1970), pàg 118 :
Materias:
Teatre -- Premis -- Sitges
MARC
| LEADER | 00000nam a2200000Ia 4500 | ||
|---|---|---|---|
| 001 | |||
| 008 | 160829s9999 xx 000 0 cat d | ||
| 245 | |a IV Premio Sitges de Teatro | ||
| 260 | |a San Jorge, núm. 79 - 80 (3r i 4rt trimestre 1970), pàg 118 | ||
| 650 | |a Teatre |x Premis |x Sitges |9 44615 | ||
| 901 | |a Arxiu | ||
| 942 | |n 1 | ||
| 952 | |0 0 |1 0 |4 0 |7 1 |9 52047 |a Arxiu |b Arxiu |d 2016-12-01 |l 0 |r 2016-12-01 00:00:00 |w 2016-12-01 |y ARXIU | ||
| 999 | |c 55895 |d 55895 | ||